00406nam a2200145 a 4500008004100000050001400041100004500055245005000100260003300150300001400183350000900197650002000206650001400226650002000240120416s1964 ||||||||||||||||| || u aHD 82 Sin aSinger, H. W. (Hans Wolfgang), 1910-200610aInternational development: growth and changes aNew York:bMcGraw-Hillc1964 axiv, 295p a0.00 aECONOMIC CHANGE 0aECONOMICS aECONOMIC GROWTH